[Event "Hvar Arsenal blitz op 2nd"]
[Site "Hvar"]
[Date "2023.10.19"]
[Round "7"]
[White "Krisha, Tamhant Jain"]
[Black "Daksh, Jain"]
[Result "0-1"]
[WhiteElo "1120"]
[BlackElo "1836"]
[PlyCount "79"]
[EventDate "2023.10.19"]
[EventType "swiss (blitz)"]
[EventRounds "11"]
[EventCountry "CRO"]
[SourceTitle "CBM 216 Extra"]
[Source "ChessBase"]
[SourceDate "2023.11.30"]
[SourceVersion "1"]
[SourceVersionDate "2023.11.30"]
[SourceQuality "1"]

1. e4 c5 2. Nf3 d6 3. d4 cxd4 4. Qxd4 Nf6 5. c4 Nc6 6. Qe3 g6 7. Be2 Bg7 8. 0-0 0-0 9. h3 Be6 10. Nc3 Rc8 11. Rb1 Nd7 12. Rd1 Qb6 13. Nd5 Bxd5 14. exd5 Qxe3 15. Bxe3 Nce5 16. b3 Nxf3+ 17. Bxf3 b6 18. Bd4 Ne5 19. Be2 Rfe8 20. f4 Nd7 21. Bxg7 Kxg7 22. Bg4 f5 23. Bf3 Nc5 24. g4 Kf6 25. Rd2 fxg4 26. hxg4 h6 27. Re2 Nd3 28. Re6+ Kf7 29. f5 Nf4 30. fxg6+ Kg7 31. Re4 Nxg6 32. Rbe1 Ne5 33. Bg2 Kh7 34. Bh1 Rg8 35. Kf2 Nxg4+ 36. Kf3 Ne5+ 37. Kf4 Rcf8+ 38. Ke3 Rg3+ 39. Ke2 Rh3 40. Kd2 0-1